000 00619 a2200181 4500
001 141547
040 _cLeonardo Da Vinci
041 _aPortuguês
082 _a791.4353 E46f
_bE46f
100 _aEMPLASA
_aSNM
245 _aFilmotecas na Grande São Paulo
_binstrumentos da participação - os filmes e os acervos
260 _c1985
_aSão Paulo
300 _a82
362 _a19850000
500 _aEMPLASA - Empresa Metropolitana de Planejamento da Grande São Paulo
_aSNM - Secretaria de Estado dos Negócios Metropolitanos
697 _aArtes
_aCinema
_aCatálogo de filmes
_aSão Paulo
_aFilmoteca
942 _cBK
999 _c141547
_d141547